| 000 | 00376cam a2200145ua 4500 | ||
|---|---|---|---|
| 041 |
_amal _h |
||
| 082 |
_a894.8124 _bPAR/CH |
||
| 100 | _aParameswaran, Kuttippuzha . | ||
| 245 |
_aChintha darsanam / _cKuttippuzha Parameswaran. _hTextual Documents |
||
| 260 |
_a : _bKairalee sevaka C.S.Ltd , _c1949. |
||
| 300 | _a88 ; . | ||
| 504 | _a | ||
| 942 | _cBK | ||
| 999 |
_c1120 _d1120 |
||